| 000 | 01086na a2200277 4500 | ||
|---|---|---|---|
| 001 | 16098 | ||
| 003 | MIRAKIL | ||
| 005 | 20181213155030.0 | ||
| 008 | 161013b tu 000 0 | ||
| 035 | _a16098 | ||
| 040 |
_aMilas _btur _cTR-AnCHP |
||
| 041 |
_atur _aeng _aara _arus |
||
| 082 |
_a809.89 _bU48s 2013 |
||
| 090 | _a809.89 U48s 2013 | ||
| 111 |
_aUluslararası İstanbul Şiir Festivali _cİstanbul _d2013 _n8. |
||
| 245 |
_a8. Uluslararası İstanbul şiir festivali Şiiristanbul = 8. Istanbul Internatıonal poetry festıval Poetıstanbul _bŞiir hayatı yener! = Poetry prevails over life! _b1 Haziran-4 Haziran 2013 = 1 June-4 June 2013 _c[Şiir İstanbul Festival Düzenleme Kurulu] |
||
| 246 | _aŞiir İstanbul | ||
| 246 | _aPoetry prevails over life! | ||
| 246 | _aŞiiristanbul = Poetistanbul | ||
| 260 |
_aİstanbul _b[yay.y.] _c2013 |
||
| 300 |
_a221 s. _bftg. _c28 sm. |
||
| 500 | _aTürkçe, Arapça, Rusça ve İngilizce dillerini içermektedir. | ||
| 651 |
_aŞiirler _xSeçkiler _yToplantılar |
||
| 657 |
_aŞiir festivali _zİstanbul |
||
| 942 |
_2ddc _cBKS |
||
| 999 |
_c5216 _d5216 |
||